Every 100k+ City in the Northeast States on a Map - Statistics

General Stats
  • This quiz has been taken 1,673 times
    1,549 since last reset
  • The average score is 20 of 29
Answers on the Map
Answers color-coded by a green-red scale on the quiz's map according to % correct below.
 
Answer Stats
Population City % Correct
8,467,513 New York
100%
654,776 Boston
99%
1,576,251 Philadelphia
99%
276,807 Buffalo
97%
300,431 Pittsburgh
95%
189,692 Providence
93%
307,220 Newark
88%
120,576 Hartford
87%
210,606 Rochester
85%
283,927 Jersey City
82%
146,103 Syracuse
82%
135,081 New Haven
80%
115,462 Manchester
74%
209,530 Yonkers
71%
148,333 Bridgeport
70%
205,918 Worcester
69%
154,789 Springfield
65%
125,944 Allentown
63%
117,090 Cambridge
62%
136,309 Stamford
56%
135,407 Elizabeth
48%
113,994 Lowell
47%
157,794 Paterson
46%
100,941 New Bedford
39%
101,119 Quincy
39%
113,811 Waterbury
35%
100,843 Lynn
32%
105,446 Brockton
27%
107,626 Edison
27%
No matching quizzes found
Score Distribution
Percent of People with Each Score
Percentile by Number Answered
Your Score History
You have not taken this quiz since the last reset